[Event "ODJM B 2018"]
[Site "Willingen GER"]
[Date "2018.05.22"]
[Round "4"]
[White "Frank, Carolin"]
[Black "Maul, Maik"]
[Result "1-0"]
[Termination "normal"]
[Board "47"]
[WhiteElo "1556"]
[BlackElo "1443"]
[PlyCount "43"]
[WhiteFideId "16207190"]
[BlackFideId "16204816"]
[EventCountry "GER"]
[EventRounds "9"]
[EventType "swiss"]
[EventDate "2018.05.19"]

1. Nf3 d5 2. g3 Nc6 3. d4 Bf5 4. Bg2 Qd7 5. O-O f6 6. c4 O-O-O 7. Nc3 dxc4 8.
d5 Nb4 9. Nd4 Bh3 10. Bxh3 Qxh3 11. Ne6 Rd6 12. Qa4 Nc6 13. Nxf8 Nh6 14. f3 Nf5
15. Bf4 Ne5 16. Ne6 g5 17. Nxg5 fxg5 18. Bxe5 Rh6 19. Rf2 Rg8 20. Qxc4 c6 21.
dxc6 g4 22. Qxg8# 1-0

[Event "ODJM B 2018"]
[Site "Willingen GER"]
[Date "2018.05.22"]
[Round "4"]
[White "Lange, Malina"]
[Black "Schulze, Lukas"]
[Result "0-1"]
[Termination "normal"]
[Board "48"]
[WhiteElo "1531"]
[BlackElo "1502"]
[PlyCount "158"]
[WhiteFideId "16228952"]
[BlackFideId "12956856"]
[EventCountry "GER"]
[EventRounds "9"]
[EventType "swiss"]
[EventDate "2018.05.19"]

1. e4 c5 2. Nf3 d6 3. d4 cxd4 4. Nxd4 Nf6 5. Nc3 g6 6. Bc4 Bg7 7. O-O O-O 8.
Be3 Nc6 9. Nf3 Bd7 10. Qd2 Rc8 11. Bh6 Na5 12. Bd3 Nc4 13. Bxc4 Rxc4 14. Bxg7
Kxg7 15. Qd3 Rc8 16. Rad1 Qb6 17. Rb1 Bc6 18. e5 dxe5 19. Nxe5 Rfd8 20. Qg3 Bb5
21. Rfe1 Ba6 22. Nf3 Kg8 23. Ng5 Rd7 24. Qh3 Rcc7 25. b3 Kg7 26. Qf3 Rd2 27.
Rbc1 Rxc3 28. Qf4 Rd7 29. Nf3 Rdc7 30. Qd2 R3c6 31. c4 Re6 32. Rxe6 Qxe6 33.
Re1 Qd7 34. Qc3 Qd6 35. h3 Qc5 36. Ne5 b5 37. Ng4 bxc4 38. bxc4 Qxc4 39. Qb2
Rb7 40. Qa3 Nxg4 41. hxg4 Qb4 42. Qe3 Qxg4 43. Qc3+ Kg8 44. Qc6 Qb4 45. Rd1 Qb6
46. Qc8+ Kg7 47. Qc3+ Qf6 48. Qa5 Rb2 49. Qc5 Rxa2 50. Qxa7 Ra1 51. Rxa1 Qxa1+
52. Kh2 Qe5+ 53. Kg1 Bb5 54. Qa5 Qd5 55. Qc3+ f6 56. Qe3 Qe5 57. Qb3 Bc6 58.
Qb1 Qe4 59. Qf1 h5 60. f3 Qd4+ 61. Kh2 Qh4+ 62. Kg1 Qg3 63. Kh1 h4 64. Qe2 Qe5
65. Qc4 Qe1+ 66. Kh2 Qg3+ 67. Kh1 h3 68. Qf1 hxg2+ 69. Qxg2 Bxf3 70. Qxf3 Qxf3+
71. Kg1 Qe2 72. Kh1 Qa2 73. Kg1 e5 74. Kf1 e4 75. Ke1 f5 76. Kf1 f4 77. Ke1 f3
78. Kd1 f2 79. Kc1 f1=Q# 0-1

[Event "ODJM B 2018"]
[Site "Willingen GER"]
[Date "2018.05.22"]
[Round "4"]
[White "Lorenz, Keana"]
[Black "Bock, Marlon"]
[Result "0-1"]
[Termination "normal"]
[Board "50"]
[WhiteElo "1439"]
[BlackElo "1346"]
[PlyCount "102"]
[WhiteFideId "12990248"]
[BlackFideId "16244931"]
[EventCountry "GER"]
[EventRounds "9"]
[EventType "swiss"]
[EventDate "2018.05.19"]

1. e4 d5 2. exd5 Qxd5 3. Nc3 Qa5 4. d4 Nf6 5. Bd2 Bf5 6. Bc4 c6 7. Nf3 Qc7 8.
h3 e6 9. g4 Be4 10. g5 Bxf3 11. Qxf3 Nd5 12. O-O-O Nd7 13. Rde1 Nxc3 14. Bxc3
Nb6 15. Bd3 O-O-O 16. Qg4 Bd6 17. Bd2 Nd5 18. Rhf1 Bf4 19. Be3 h5 20. Qf3 Rhf8
21. Bc4 Nxe3 22. fxe3 Bxg5 23. Qxh5 Bh6 24. Kb1 Kb8 25. Rf3 Rde8 26. Ref1 Re7
27. Qc5 b6 28. Qa3 c5 29. dxc5 Qxc5 30. Qd3 Qc7 31. e4 Rd8 32. Qe2 Rd2 33. Qe1
Qxc4 34. Rc3 Qd4 35. Qg3+ Qd6 36. Qe1 Rd7 37. Rd3 Rxd3 38. cxd3 Qxd3+ 39. Ka1
Rc7 40. Qf2 Qc2 41. Qg3 Kc8 42. a3 Qxe4 43. Qg1 g6 44. Qf2 Bg7 45. Rd1 Rc2 46.
Qf1 Bxb2+ 47. Ka2 Bxa3+ 48. Kxa3 Rc3+ 49. Ka2 Qa4+ 50. Kb1 Qc2+ 51. Ka1 Ra3#
0-1

[Event "ODJM B 2018"]
[Site "Willingen GER"]
[Date "2018.05.22"]
[Round "4"]
[White "Frank, Cillian"]
[Black "Johlke, Lukas"]
[Result "0-1"]
[Termination "normal"]
[Board "51"]
[WhiteElo "1339"]
[BlackElo "1529"]
[PlyCount "80"]
[WhiteFideId "16245202"]
[BlackFideId "16252861"]
[EventCountry "GER"]
[EventRounds "9"]
[EventType "swiss"]
[EventDate "2018.05.19"]

1. e4 e5 2. f4 exf4 3. Nf3 Nc6 4. Nc3 Bb4 5. Bc4 d6 6. O-O Bg4 7. d4 Qf6 8. e5
dxe5 9. dxe5 Nxe5 10. Qe1 Bxf3 11. Rxf3 Ne7 12. Rxf4 Qb6+ 13. Be3 Bc5 14. Bb5+
c6 15. Re4 N5g6 16. Bc4 O-O 17. b4 Bxe3+ 18. Qxe3 Qxe3+ 19. Rxe3 Rad8 20. Rae1
Nf5 21. Rd3 b5 22. Red1 Rxd3 23. Bxd3 Nfe7 24. Bxg6 Nxg6 25. Rd7 a5 26. bxa5
Ra8 27. a6 Rxa6 28. Rd8+ Nf8 29. Rc8 g6 30. Ne2 Kg7 31. Nd4 Rxa2 32. Rxc6 Rb2
33. Rb6 b4 34. Rc6 Nd7 35. Nb3 Nf6 36. Rc4 h5 37. Nd4 Ng4 38. g3 Rb1+ 39. Kg2
Ne3+ 40. Kf2 Nxc4 0-1

[Event "ODJM B 2018"]
[Site "Willingen GER"]
[Date "2018.05.22"]
[Round "4"]
[White "Tran, Minh Dat"]
[Black "Reuter, Max"]
[Result "1-0"]
[Termination "normal"]
[Board "52"]
[WhiteElo "1400"]
[BlackElo "1518"]
[PlyCount "55"]
[WhiteFideId "16244702"]
[BlackFideId "16263715"]
[EventCountry "GER"]
[EventRounds "9"]
[EventType "swiss"]
[EventDate "2018.05.19"]

1. c4 e5 2. Nc3 Nc6 3. g3 f5 4. Bg2 Nf6 5. e3 Bc5 6. Nge2 d6 7. O-O Be6 8. d3
Qd7 9. d4 Bxd4 10. exd4 Bxc4 11. dxe5 Nxe5 12. b3 Ba6 13. f4 Neg4 14. Re1 O-O-O
15. Nd4 h5 16. h3 Nh6 17. b4 c6 18. a4 c5 19. b5 Rhe8 20. Nc2 Ne4 21. Nxe4 fxe4
22. bxa6 b6 23. Bb2 g6 24. Rxe4 Rxe4 25. Bxe4 Qxh3 26. Bg2 Qxg3 27. Qd5 Kd7 28.
Re1 1-0

[Event "ODJM B 2018"]
[Site "Willingen GER"]
[Date "2018.05.22"]
[Round "4"]
[White "Rothenberg, Nina"]
[Black "Trams, Emma Joe"]
[Result "1-0"]
[Termination "normal"]
[Board "53"]
[WhiteElo "1678"]
[BlackElo "1359"]
[PlyCount "23"]
[WhiteFideId "16208943"]
[BlackFideId "16206517"]
[EventCountry "GER"]
[EventRounds "9"]
[EventType "swiss"]
[EventDate "2018.05.19"]

1. e4 e5 2. Bc4 Nf6 3. d3 Nc6 4. Nc3 Bb4 5. a3 Ba5 6. b4 Bb6 7. Bg5 O-O 8. Nd5
d6 9. Nxf6+ gxf6 10. Bh6 Re8 11. Qf3 Qd7 12. h3 1-0

[Event "ODJM B 2018"]
[Site "Willingen GER"]
[Date "2018.05.22"]
[Round "4"]
[White "Färber, Sophie"]
[Black "Hagenbeck-Hübert, Jan"]
[Result "1/2-1/2"]
[Termination "normal"]
[Board "54"]
[WhiteElo "1421"]
[BlackElo "1493"]
[PlyCount "41"]
[WhiteFideId "16239121"]
[BlackFideId "16259505"]
[EventCountry "GER"]
[EventRounds "9"]
[EventType "swiss"]
[EventDate "2018.05.19"]

1. e4 e5 2. Nf3 Nc6 3. Bc4 d6 4. c3 Be6 5. Bb3 Bxb3 6. Qxb3 Rb8 7. d3 Be7 8.
O-O h6 9. Re1 Nf6 10. Nbd2 O-O 11. Nf1 Qd7 12. Qd1 Rfe8 13. Ng3 Bf8 14. Nd2 d5
15. Nb3 dxe4 16. dxe4 Qxd1 17. Rxd1 Rbd8 18. Be3 Rxd1+ 19. Rxd1 a6 20. f3 g6
21. Bf2 1/2-1/2

[Event "ODJM B 2018"]
[Site "Willingen GER"]
[Date "2018.05.22"]
[Round "4"]
[White "Ramien, Hannah"]
[Black "Waligora, Franciszek"]
[Result "0-1"]
[Termination "normal"]
[Board "55"]
[WhiteElo "1274"]
[BlackElo "1374"]
[PlyCount "62"]
[WhiteFideId "16209982"]
[BlackFideId "4005120"]
[EventCountry "GER"]
[EventRounds "9"]
[EventType "swiss"]
[EventDate "2018.05.19"]

1. e4 e5 2. Nf3 Nc6 3. Bc4 Bc5 4. c3 Nf6 5. d3 d6 6. Nbd2 O-O 7. Nf1 d5 8. exd5
Nxd5 9. Ng3 Re8 10. O-O a6 11. Re1 b5 12. Bb3 Bb6 13. a3 Bb7 14. Bg5 f6 15.
Bxf6 gxf6 16. c4 Na5 17. cxd5 Nxb3 18. Qxb3 Bxd5 19. Qd1 Qd7 20. Nh4 Be6 21.
Qf3 Rf8 22. Nh5 Qe7 23. Qg3+ Kh8 24. Kh1 Rg8 25. Qf3 Raf8 26. Rac1 Bg4 27. Qe4
Bxh5 28. Nf3 Bxf2 29. Rf1 Bxf3 30. Qxf3 Bd4 31. Rc2 c5 0-1

[Event "ODJM B 2018"]
[Site "Willingen GER"]
[Date "2018.05.22"]
[Round "4"]
[White "Brunner, Alexander"]
[Black "Hierl, Johannes"]
[Result "1-0"]
[Termination "normal"]
[Board "57"]
[WhiteElo "1596"]
[BlackElo "1355"]
[PlyCount "29"]
[WhiteFideId "12965278"]
[BlackFideId "16235096"]
[EventCountry "GER"]
[EventRounds "9"]
[EventType "swiss"]
[EventDate "2018.05.19"]

1. e4 g6 2. d4 Bg7 3. Nc3 d6 4. Be3 Nd7 5. Qd2 a6 6. f3 b5 7. h4 h5 8. O-O-O e6
9. Bg5 Ngf6 10. e5 O-O 11. exf6 Nxf6 12. g4 Qd7 13. Bxf6 Bxf6 14. gxh5 gxh5 15.
Nh3 1-0

[Event "ODJM B 2018"]
[Site "Willingen GER"]
[Date "2018.05.22"]
[Round "4"]
[White "Götz, Timon"]
[Black "Abou Wally, Adrian"]
[Result "1-0"]
[Termination "normal"]
[Board "59"]
[WhiteElo "1413"]
[BlackElo "1183"]
[PlyCount "119"]
[WhiteFideId "16245040"]
[BlackFideId "16245113"]
[EventCountry "GER"]
[EventRounds "9"]
[EventType "swiss"]
[EventDate "2018.05.19"]

1. c4 c5 2. Nf3 Nc6 3. e3 g6 4. Nc3 Bg7 5. Qc2 e5 6. b3 d6 7. Bb2 Nge7 8. g3
O-O 9. Bg2 Be6 10. O-O f5 11. d3 h6 12. Rad1 g5 13. Ne2 Qc7 14. a3 a5 15. d4
Bd7 16. Bc3 Rab8 17. Qb2 Ng6 18. Rd2 f4 19. exf4 exd4 20. Nfxd4 cxd4 21. Bd5+
Kh8 22. Nxd4 Nxd4 23. Bxd4 Bf5 24. fxg5 hxg5 25. Qc3 b6 26. b4 axb4 27. axb4
Bxd4 28. Rxd4 Kh7 29. h4 gxh4 30. gxh4 Qg7 31. Kh1 Nf4 32. Bf3 Bh3 33. Rg1 Bg2+
34. Bxg2 Qf6 35. Be4+ Kh8 36. Rxd6 Ne6 37. Qxf6+ Rxf6 38. Bd5 Re8 39. Rxb6 Kh7
40. Rxe6 Rexe6 41. Bxe6 Rxe6 42. Rg4 Rb6 43. b5 Kh6 44. Kg2 Kh5 45. Kg3 Rb7 46.
Rg5+ Kh6 47. Kg4 Rd7 48. Rd5 Rg7+ 49. Kf4 Rf7+ 50. Rf5 Rc7 51. Rf6+ Kg7 52. Rc6
Rf7+ 53. Ke3 Re7+ 54. Kd4 Rd7+ 55. Kc5 Kf8 56. b6 Ke8 57. Rc8+ Ke7 58. Rc7
Rxc7+ 59. bxc7 Kd7 60. Kb6 1-0

[Event "ODJM B 2018"]
[Site "Willingen GER"]
[Date "2018.05.23"]
[Round "5"]
[White "Brockmeyer, Tobias"]
[Black "Lehmann, Tim"]
[Result "1/2-1/2"]
[Termination "normal"]
[Board "1"]
[WhiteElo "1688"]
[BlackElo "1781"]
[WhiteClock "00:30:30"]
[BlackClock "00:34:48"]
[PlyCount "44"]
[WhiteFideId "12982385"]
[BlackFideId "12979171"]
[EventCountry "GER"]
[EventRounds "9"]
[EventType "swiss"]
[EventDate "2018.05.19"]

1. d4 {[%clk 1:30:59]} 1... g6 {[%clk 1:30:55]} 2. c4 {[%clk 1:31:27]} 2... Bg7
{[%clk 1:30:24]} 3. e4 {[%clk 1:29:49]} 3... c5 {[%clk 1:30:17]} 4. d5 { [%clk
1:29:18]} 4... d6 {[%clk 1:30:40]} 5. Nc3 {[%clk 1:29:24]} 5... Nf6 { [%clk
1:30:59]} 6. f3 {[%clk 1:27:41]} 6... O-O {[%clk 1:28:03]} 7. Nge2 { [%clk
1:27:31]} 7... e6 {[%clk 1:22:08]} 8. Ng3 {[%clk 1:28:00]} 8... a6 { [%clk
1:18:39]} 9. a4 {[%clk 1:28:22]} 9... Re8 {[%clk 1:13:42]} 10. Bd3 { [%clk
1:18:44]} 10... exd5 {[%clk 1:13:27]} 11. cxd5 {[%clk 1:19:13]} 11... h5 {[%clk
1:13:16]} 12. Bg5 {[%clk 1:19:37]} 12... Nbd7 {[%clk 1:10:26]} 13. Nf1 { [%clk
1:10:58]} 13... Qb6 {[%clk 1:02:07]} 14. Qd2 {[%clk 1:10:42]} 14... Nh7 { [%clk
0:54:06]} 15. a5 {[%clk 1:08:40]} 15... Qc7 {[%clk 0:53:30]} 16. Bh6 { [%clk
0:57:44]} 16... Bh8 {[%clk 0:48:58]} 17. Ne3 {[%clk 0:54:50]} 17... b5 { [%clk
0:48:28]} 18. axb6 {[%clk 0:54:32]} 18... Nxb6 {[%clk 0:48:39]} 19. Bc4 { [%clk
0:41:57]} 19... Bd4 {[%clk 0:42:39]} 20. Qe2 {[%clk 0:36:46]} 20... g5 { [%clk
0:35:25]} 21. Nc2 {[%clk 0:32:42]} 21... Bxc3+ {[%clk 0:34:24]} 22. bxc3 {[%clk
0:30:30]} 22... Qe7 {[%clk 0:34:48]} 1/2-1/2

[Event "ODJM B 2018"]
[Site "Willingen GER"]
[Date "2018.05.23"]
[Round "5"]
[White "Brunner, Tobias"]
[Black "Thorz, Maximilian"]
[Result "1-0"]
[Termination "normal"]
[Board "2"]
[WhiteElo "1919"]
[BlackElo "1639"]
[WhiteClock "01:16:19"]
[BlackClock "00:58:30"]
[PlyCount "57"]
[WhiteFideId "12949833"]
[BlackFideId "16220668"]
[EventCountry "GER"]
[EventRounds "9"]
[EventType "swiss"]
[EventDate "2018.05.19"]

1. e4 {[%clk 1:30:58]} 1... c5 {[%clk 1:30:22]} 2. Nc3 {[%clk 1:31:20]} 2...
Nc6 {[%clk 1:30:34]} 3. Bc4 {[%clk 1:31:44]} 3... e6 {[%clk 1:30:47]} 4. d3 {
[%clk 1:31:17]} 4... g6 {[%clk 1:30:38]} 5. f4 {[%clk 1:31:34]} 5... Bg7 {
[%clk 1:30:38]} 6. Nf3 {[%clk 1:28:58]} 6... Nge7 {[%clk 1:30:43]} 7. O-O {
[%clk 1:29:12]} 7... O-O {[%clk 1:31:04]} 8. a3 {[%clk 1:28:33]} 8... d5 {
[%clk 1:31:16]} 9. Ba2 {[%clk 1:28:49]} 9... Nd4 {[%clk 1:31:17]} 10. exd5 {
[%clk 1:27:05]} 10... exd5 {[%clk 1:30:36]} 11. Nxd4 {[%clk 1:26:24]} 11...
Bxd4+ {[%clk 1:30:45]} 12. Kh1 {[%clk 1:26:47]} 12... b6 {[%clk 1:30:30]} 13.
Qf3 {[%clk 1:25:41]} 13... Bb7 {[%clk 1:30:38]} 14. f5 {[%clk 1:24:45]} 14...
Bxc3 {[%clk 1:28:42]} 15. bxc3 {[%clk 1:24:38]} 15... Nxf5 {[%clk 1:29:08]} 16.
c4 16... Nd4 {[%clk 1:04:48]} 17. Qf2 {[%clk 1:15:10]} 17... f5 {[%clk 1:02:11]
} 18. Bh6 {[%clk 1:14:13]} 18... Rf7 {[%clk 1:01:52]} 19. c3 {[%clk 1:14:23]}
19... Ne6 {[%clk 1:02:11]} 20. Rae1 {[%clk 1:14:38]} 20... Ng7 {[%clk 1:02:18]}
21. Re5 {[%clk 1:14:17]} 21... d4 {[%clk 1:02:25]} 22. cxd4 {[%clk 1:14:21]}
22... Qxd4 {[%clk 1:02:33]} 23. Qxd4 {[%clk 1:14:43]} 23... cxd4 { [%clk
1:03:02]} 24. c5 {[%clk 1:15:06]} 24... bxc5 {[%clk 1:02:05]} 25. Re7 { [%clk
1:15:08]} 25... Bxg2+ {[%clk 0:57:23]} 26. Kxg2 {[%clk 1:15:17]} 26... Re8
{[%clk 0:57:52]} 27. Rxe8+ {[%clk 1:15:29]} 27... Nxe8 {[%clk 0:58:17]} 28.
Bxf7+ {[%clk 1:15:54]} 28... Kxf7 {[%clk 0:58:30]} 29. Rc1 {[%clk 1:16:19]} 1-0

[Event "ODJM B 2018"]
[Site "Willingen GER"]
[Date "2018.05.23"]
[Round "5"]
[White "Pauls, Fynn"]
[Black "Knerr, Sebastian"]
[Result "1-0"]
[Termination "normal"]
[Board "3"]
[WhiteElo "1789"]
[BlackElo "1742"]
[WhiteClock "00:21:09"]
[BlackClock "00:57:36"]
[PlyCount "112"]
[WhiteFideId "16213149"]
[BlackFideId "16266013"]
[EventCountry "GER"]
[EventRounds "9"]
[EventType "swiss"]
[EventDate "2018.05.19"]

1. Nf3 {[%clk 1:30:59]} 1... d5 {[%clk 1:29:46]} 2. g3 {[%clk 1:31:25]} 2...
Nf6 {[%clk 1:29:20]} 3. Bg2 {[%clk 1:31:52]} 3... e6 {[%clk 1:28:58]} 4. O-O {
[%clk 1:32:18]} 4... Nbd7 {[%clk 1:28:52]} 5. c4 {[%clk 1:32:05]} 5... Be7 {
[%clk 1:28:06]} 6. Nc3 {[%clk 1:30:07]} 6... O-O {[%clk 1:27:08]} 7. cxd5 {
[%clk 1:29:49]} 7... exd5 {[%clk 1:25:46]} 8. d4 {[%clk 1:30:14]} 8... c6 {
[%clk 1:22:48]} 9. Bf4 {[%clk 1:22:37]} 9... Re8 {[%clk 1:19:06]} 10. Rc1 {
[%clk 1:21:01]} 10... Nf8 {[%clk 1:16:56]} 11. Qc2 {[%clk 1:00:24]} 11... Ng6 {
[%clk 1:12:38]} 12. Bd2 {[%clk 0:56:55]} 12... Bd6 {[%clk 1:09:30]} 13. Bg5 {
[%clk 0:55:16]} 13... Be7 {[%clk 1:07:06]} 14. Rfd1 {[%clk 0:51:29]} 14... Ne4
{[%clk 1:02:25]} 15. Bxe7 {[%clk 0:42:55]} 15... Qxe7 {[%clk 1:02:05]} 16. Nxe4
{[%clk 0:35:22]} 16... Qxe4 {[%clk 0:59:42]} 17. Qxe4 {[%clk 0:34:59]} 17...
Rxe4 {[%clk 0:59:38]} 18. Rd2 {[%clk 0:34:06]} 18... Re7 {[%clk 0:57:17]} 19.
b4 {[%clk 0:32:52]} 19... Bd7 {[%clk 0:55:05]} 20. Ne1 {[%clk 0:29:37]} 20...
Bf5 {[%clk 0:53:18]} 21. b5 {[%clk 0:28:59]} 21... cxb5 {[%clk 0:51:00]} 22.
Bxd5 {[%clk 0:27:39]} 22... Rd8 {[%clk 0:50:19]} 23. Bg2 {[%clk 0:23:44]} 23...
Ne5 {[%clk 0:49:46]} 24. Rb2 {[%clk 0:15:35]} 24... Nc6 {[%clk 0:38:52]} 25. d5
{[%clk 0:13:27]} 25... Nb8 {[%clk 0:33:19]} 26. Rxb5 {[%clk 0:12:12]} 26...
Rxe2 {[%clk 0:33:31]} 27. Rxb7 {[%clk 0:11:25]} 27... Rxa2 {[%clk 0:33:39]} 28.
Nf3 {[%clk 0:11:20]} 28... Nd7 {[%clk 0:32:44]} 29. Nd4 {[%clk 0:10:40]} 29...
Nc5 {[%clk 0:31:05]} 30. Rc7 {[%clk 0:09:10]} 30... Nd3 {[%clk 0:30:56]} 31.
Nxf5 {[%clk 0:08:06]} 31... Nxc1 32. Rxc1 {[%clk 0:07:13]} 32... g6 { [%clk
0:30:33]} 33. Ne7+ {[%clk 0:07:12]} 33... Kf8 {[%clk 0:30:43]} 34. Nc6 { [%clk
0:07:10]} 34... Re8 {[%clk 0:30:41]} 35. Bf3 {[%clk 0:06:10]} 35... Rd2 { [%clk
0:29:04]} 36. Nxa7 {[%clk 0:05:54]} 36... Ke7 {[%clk 0:28:00]} 37. Nc8+ { [%clk
0:04:09]} 37... Kf6 {[%clk 0:27:29]} 38. d6 {[%clk 0:03:54]} 38... Rd8 { [%clk
0:26:54]} 39. Rc7 {[%clk 0:02:19]} 39... Ke6 {[%clk 0:25:28]} 40. Re7+ { [%clk
0:00:51]} 40... Kf6 {[%clk 0:25:17]} 41. Rc7 {[%clk 0:30:10]} 41... Ke6 { [%clk
0:55:34]} 42. Bc6 {[%clk 0:22:16]} 42... R2xd6 {[%clk 0:55:22]} 43. Nxd6 {[%clk
0:19:32]} 43... Kxd6 {[%clk 0:55:23]} 44. Rxf7 {[%clk 0:19:59]} 44... Kxc6
{[%clk 0:55:48]} 45. Rxh7 {[%clk 0:20:25]} 45... Rg8 {[%clk 0:55:59]} 46. Kg2
{[%clk 0:20:42]} 46... Kd5 {[%clk 0:56:22]} 47. Kh3 {[%clk 0:20:50]} 47... Ke4
{[%clk 0:56:29]} 48. Kg4 {[%clk 0:21:06]} 48... Rf8 {[%clk 0:56:26]} 49. Re7+
{[%clk 0:21:08]} 49... Kd5 {[%clk 0:56:40]} 50. f4 {[%clk 0:21:21]} 50... Rf6
{[%clk 0:56:22]} 51. Kg5 {[%clk 0:21:28]} 51... Rb6 {[%clk 0:56:35]} 52. Rg7
{[%clk 0:21:07]} 52... Rb2 {[%clk 0:56:39]} 53. h4 {[%clk 0:21:22]} 53... Rb3
{[%clk 0:57:03]} 54. g4 {[%clk 0:21:17]} 54... Ke4 {[%clk 0:57:26]} 55. Rxg6
{[%clk 0:21:02]} 55... Rb5+ {[%clk 0:57:21]} 56. f5 {[%clk 0:21:09]} 56... Kf3
{[%clk 0:57:36]} 1-0

[Event "ODJM B 2018"]
[Site "Willingen GER"]
[Date "2018.05.23"]
[Round "5"]
[White "Yeremyan, Nazik"]
[Black "Breß, Aaron"]
[Result "1/2-1/2"]
[Termination "normal"]
[Board "4"]
[WhiteElo "1681"]
[BlackElo "1701"]
[WhiteClock "00:29:36"]
[BlackClock "00:14:29"]
[PlyCount "48"]
[WhiteFideId "13311468"]
[BlackFideId "12996432"]
[EventCountry "GER"]
[EventRounds "9"]
[EventType "swiss"]
[EventDate "2018.05.19"]

1. d4 {[%clk 1:30:57]} 1... Nf6 {[%clk 1:30:31]} 2. c4 {[%clk 1:31:21]} 2... g6
{[%clk 1:30:14]} 3. Nc3 {[%clk 1:31:46]} 3... d5 {[%clk 1:30:20]} 4. Nf3 {
[%clk 1:31:50]} 4... Bg7 {[%clk 1:30:35]} 5. e3 {[%clk 1:32:16]} 5... O-O {
[%clk 1:29:47]} 6. Bd3 {[%clk 1:32:27]} 6... dxc4 {[%clk 1:29:45]} 7. Bxc4 {
[%clk 1:32:54]} 7... c5 {[%clk 1:28:59]} 8. d5 {[%clk 1:31:00]} 8... Ne8 {
[%clk 1:26:22]} 9. e4 {[%clk 1:26:41]} 9... Nd6 {[%clk 1:23:54]} 10. Bd3 {
[%clk 1:27:07]} 10... Bg4 {[%clk 1:13:10]} 11. h3 {[%clk 1:24:34]} 11... Bxf3 {
[%clk 1:12:17]} 12. Qxf3 {[%clk 1:24:23]} 12... Nd7 {[%clk 1:09:54]} 13. Qe3 {
[%clk 1:21:01]} 13... c4 {[%clk 1:01:12]} 14. Bc2 {[%clk 1:21:24]} 14... b5 {
[%clk 0:59:43]} 15. O-O {[%clk 1:20:09]} 15... Qc7 {[%clk 0:47:07]} 16. f4 {
[%clk 1:18:34]} 16... b4 {[%clk 0:41:45]} 17. Ne2 {[%clk 1:18:29]} 17... e5 {
[%clk 0:33:22]} 18. f5 18... Rfc8 {[%clk 0:33:26]} 19. fxg6 {[%clk 1:01:34]}
19... hxg6 {[%clk 0:24:58]} 20. Qf3 20... Nc5 {[%clk 0:24:31]} 21. Kh1 { [%clk
0:48:37]} 21... a5 22. Be3 {[%clk 0:41:59]} 22... Rab8 {[%clk 0:20:17]} 23. b3
{[%clk 0:33:19]} 23... c3 {[%clk 0:16:27]} 24. a4 {[%clk 0:29:36]} 24... Rb7
{[%clk 0:14:29]} 1/2-1/2

[Event "ODJM B 2018"]
[Site "Willingen GER"]
[Date "2018.05.23"]
[Round "5"]
[White "Grunert, Wilhelm"]
[Black "Adelmeyer, Matti"]
[Result "1/2-1/2"]
[Termination "normal"]
[Board "5"]
[WhiteElo "1607"]
[BlackElo "1733"]
[WhiteClock "01:13:27"]
[BlackClock "00:02:23"]
[PlyCount "100"]
[WhiteFideId "12995673"]
[BlackFideId "12962520"]
[EventCountry "GER"]
[EventRounds "9"]
[EventType "swiss"]
[EventDate "2018.05.19"]

1. e4 {[%clk 1:30:57]} 1... e5 {[%clk 1:30:45]} 2. Nf3 {[%clk 1:31:20]} 2...
Nc6 {[%clk 1:31:13]} 3. Bb5 {[%clk 1:31:41]} 3... a6 {[%clk 1:31:34]} 4. Ba4 {
[%clk 1:32:05]} 4... Nf6 {[%clk 1:31:45]} 5. O-O {[%clk 1:32:16]} 5... Nxe4 {
[%clk 1:30:45]} 6. d4 {[%clk 1:31:42]} 6... b5 {[%clk 1:31:00]} 7. Bb3 { [%clk
1:32:05]} 7... d5 {[%clk 1:31:13]} 8. dxe5 {[%clk 1:31:02]} 8... Be6 { [%clk
1:31:31]} 9. Nbd2 {[%clk 1:30:55]} 9... Nc5 {[%clk 1:31:40]} 10. Re1 { [%clk
1:31:05]} 10... Be7 {[%clk 1:30:52]} 11. Nf1 {[%clk 1:30:57]} 11... Nxb3 {[%clk
1:29:59]} 12. axb3 {[%clk 1:31:18]} 12... O-O {[%clk 1:29:53]} 13. Ng3 { [%clk
1:31:20]} 13... Qd7 {[%clk 1:26:58]} 14. Be3 {[%clk 1:28:14]} 14... Bg4 { [%clk
1:24:31]} 15. Bf4 {[%clk 1:27:20]} 15... f6 {[%clk 1:15:04]} 16. e6 { [%clk
1:22:24]} 16... Bxe6 {[%clk 1:13:45]} 17. Bxc7 {[%clk 1:22:37]} 17... Bg4
{[%clk 0:57:49]} 18. Bf4 {[%clk 1:22:38]} 18... Bc5 {[%clk 0:28:10]} 19. h3 {
[%clk 1:21:43]} 19... Be6 {[%clk 0:25:39]} 20. Qd2 {[%clk 1:20:49]} 20... Rfd8
{[%clk 0:23:12]} 21. Rad1 {[%clk 1:20:35]} 21... d4 {[%clk 0:21:58]} 22. Ne4 {
[%clk 1:18:44]} 22... Bb4 {[%clk 0:21:01]} 23. c3 {[%clk 1:18:31]} 23... dxc3 {
[%clk 0:16:56]} 24. Qxd7 {[%clk 1:18:34]} 24... Rxd7 {[%clk 0:17:11]} 25. Rxd7
{[%clk 1:18:16]} 25... cxb2 {[%clk 0:13:15]} 26. Rdd1 {[%clk 1:18:14]} 26...
Bxe1 {[%clk 0:11:47]} 27. Rxe1 {[%clk 1:18:23]} 27... Bxb3 {[%clk 0:12:07]} 28.
Ned2 {[%clk 1:16:48]} 28... Bc2 {[%clk 0:11:29]} 29. Bd6 {[%clk 1:16:34]} 29...
b4 {[%clk 0:11:07]} 30. Bc5 {[%clk 1:15:59]} 30... Rd8 {[%clk 0:10:22]} 31. Re6
{[%clk 1:15:26]} 31... Ne5 {[%clk 0:08:53]} 32. Nxe5 {[%clk 1:14:42]} 32...
fxe5 {[%clk 0:09:04]} 33. Rd6 {[%clk 1:14:00]} 33... Rxd6 {[%clk 0:08:19]} 34.
Bxd6 {[%clk 1:14:22]} 34... a5 {[%clk 0:08:29]} 35. Bxe5 {[%clk 1:13:42]} 35...
b1=Q+ {[%clk 0:08:42]} 36. Nxb1 {[%clk 1:14:03]} 36... Bxb1 {[%clk 0:09:09]}
37. Kf1 {[%clk 1:14:26]} 37... a4 {[%clk 0:07:59]} 38. Ke2 {[%clk 1:14:43]}
38... a3 {[%clk 0:07:36]} 39. Kd2 {[%clk 1:14:46]} 39... b3 {[%clk 0:07:51]}
40. Bd6 {[%clk 1:13:20]} 40... a2 {[%clk 0:08:02]} 41. Be5 {[%clk 1:13:41]}
41... Be4 {[%clk 0:07:37]} 42. f3 {[%clk 1:13:58]} 42... Bd5 {[%clk 0:07:31]}
43. Ke3 {[%clk 1:14:00]} 43... Kf7 {[%clk 0:07:34]} 44. g4 {[%clk 1:14:18]}
44... g5 {[%clk 0:06:40]} 45. f4 {[%clk 1:14:22]} 45... h6 {[%clk 0:05:52]} 46.
fxg5 {[%clk 1:13:52]} 46... hxg5 {[%clk 0:06:09]} 47. Kd2 {[%clk 1:12:51]}
47... Ke6 {[%clk 0:06:15]} 48. Bg7 {[%clk 1:13:00]} 48... Kd6 {[%clk 0:06:08]}
49. Kc1 {[%clk 1:13:09]} 49... Kc5 {[%clk 0:03:05]} 50. Kb2 {[%clk 1:13:27]}
50... Kc4 {[%clk 0:02:23]} 1/2-1/2